MLS Champions (1996-Present) - Statistics

General Stats
  • This quiz has been taken 78 times
  • The average score is 19 of 29
Answer Stats
Hint Answer % Correct
2002 Los Angeles Galaxy
91%
2005 Los Angeles Galaxy
91%
2011 Los Angeles Galaxy
91%
2012 Los Angeles Galaxy
91%
2014 Los Angeles Galaxy
91%
2024 Los Angeles Galaxy
91%
1996 D.C. United
74%
1997 D.C. United
74%
1999 D.C. United
74%
2004 D.C. United
74%
2022 Los Angeles FC
73%
2008 Columbus Crew
71%
2020 Columbus Crew
71%
2023 Columbus Crew
71%
2015 Portland Timbers
71%
1998 Chicago Fire
66%
2017 Toronto FC
63%
2021 New York City FC
59%
2001 San Jose Earthquakes
59%
2003 San Jose Earthquakes
59%
2006 Houston Dynamo
57%
2007 Houston Dynamo
57%
2009 Real Salt Lake
56%
2010 Colorado Rapids
50%
2016 Seattle Sounders FC
47%
2019 Seattle Sounders FC
47%
2013 Sporting Kansas City
47%
2018 Atlanta United FC
40%
2000 Kansas City Wizards
20%
No matching quizzes found
Score Distribution
Percent of People with Each Score
Percentile by Number Answered
Your Score History
You have not taken this quiz